000 00521nam a2200193 4500
001 sjds160002
003 sjds
005 20160913155325.0
008
020 _a9788492412280
040 _csjds
041 _aspa
100 _aTurkowski, Einar
_d(1972-)
245 _aUna luz diminuta surgió de la nada /
_cEinar Turkowski ; [traducción, Moka Seco Reeg]
250 _a1ª ed. in Spanish
260 _aBarcelona ; Madrid :
_bLibros del Zorro Rojo,
_c2009
300 _a26 p. : il. ;
_c21 x 26 cm
942 _cBK
999 _c16206
_d16206